[Event "Wellington Open 2018"]
[Site "Wellington NZL"]
[Date "2018.03.31"]
[Round "3"]
[White "James, Jack"]
[Black "Dive, Russell J"]
[Result "1-0"]
[WhiteElo "2019"]
[BlackElo "2318"]

1. e4 c6 2. d4 d5 3. exd5 cxd5 4. c4 Nf6 5. Nc3 e6 6. c5 Nc6 7. Bb5 Be7 8. Nf3
O-O 9. O-O Qc7 10. Re1 a6 11. Bxc6 bxc6 12. Ne5 Nd7 13. Bf4 Nxe5 14. Bxe5 Qa7
15. b4 Bd7 16. Rb1 Rae8 17. Qc2 f6 18. Bg3 Bd8 19. Rb3 Bc7 20. Na4 Bxg3 21.
hxg3 e5 22. Rbe3 e4 23. Nb6 Bc8 24. f3 f5 25. f4 Qc7 26. Ra3 Bb7 27. Qc1 Re6
28. Kf2 Rg6 29. Rh1 Qe7 30. Qe1 Rg4 31. Kg1 g5 32. fxg5 Qg7 33. Qe3 Rxg5 34.
Rh4 Kh8 35. Nd7 Rg8 36. Ne5 Qf6 37. Qf4 R8g7 38. g4 Kg8 39. Rah3 Qf8 40. Rxh7
Rxh7 41. Qxg5+ Rg7 42. Qh6 1-0

[Event "Wellington Open 2018"]
[Site "Wellington NZL"]
[Date "2018.03.31"]
[Round "3"]
[White "Ker, Anthony F"]
[Black "Croad, Nicholas"]
[Result "1-0"]
[WhiteElo "2307"]
[BlackElo "2294"]

1. e4 e5 2. Nf3 Nc6 3. Bc4 Bc5 4. c3 Nf6 5. d4 exd4 6. cxd4 Bb4+ 7. Nbd2 Nxe4
8. d5 Ne7 9. O-O Nxd2 10. Nxd2 O-O 11. a3 Ba5 12. Nb3 Bb6 13. d6 Nf5 14. Qg4
Qh4 15. Qxh4 Nxh4 16. Bf4 Ng6 17. Bg3 cxd6 18. Bxd6 Rd8 19. Rfe1 Nf8 20. Kf1
Ne6 21. f4 g6 22. g4 Ng7 23. Re7 Rf8 24. Re2 Rd8 25. Rae1 a6 26. f5 Ba7 27. Nd2
gxf5 28. gxf5 Bd4 29. Rg2 Kh8 30. Be7 Re8 31. Bxf7 Rxe7 32. Rxe7 d6 33. Re8+
1-0

[Event "Wellington Open 2018"]
[Site "Wellington NZL"]
[Date "2018.03.31"]
[Round "3"]
[White "Timergazi, Layla"]
[Black "Macdonald, Paul"]
[Result "1/2-1/2"]
[WhiteElo "1958"]
[BlackElo "2002"]

1. d4 Nf6 2. c4 e5 3. Nc3 exd4 4. Qxd4 Nc6 5. Qd2 Bb4 6. a3 Ne4 7. Qe3 Bxc3+ 8.
bxc3 Qe7 9. g3 d6 10. Bg2 Nc5 11. Nf3 Be6 12. Nd2 Ne5 13. O-O O-O 14. f4 Ng4
15. Qd4 Bd7 16. e4 Bc6 17. h3 Nf6 18. Re1 Nh5 19. Kh2 Rfe8 20. Bb2 Nf6 21. e5
Nfd7 22. Bxc6 bxc6 23. a4 dxe5 24. fxe5 Ne6 25. Qe3 Qg5 26. Nf3 Qxe3 27. Rxe3
Ndc5 28. Nd4 Rab8 29. Re2 Nb3 30. Nxc6 Rb6 31. Ra3 Rxc6 32. Rxb3 Rxc4 33. Rb4
Rc5 34. Kg2 a5 35. Rb5 Rxb5 36. axb5 Rd8 37. c4 Rd3 38. Kf2 Rb3 39. Ba1 a4 40.
Re3 Rb1 41. Ra3 Rb4 42. Rc3 Rb1 43. Ra3 Rb4 44. Rc3 Kf8 45. Rc2 Rb3 46. Rb2 Nc5
47. Rxb3 axb3 48. Ke3 Na4 49. c5 Ke8 50. b6 cxb6 51. cxb6 Kd7 52. e6+ fxe6 53.
Bxg7 b2 54. Bxb2 Nxb2 55. Kd4 Nd1 56. b7 Kc7 57. Ke5 Kxb7 58. Kxe6 Nf2 59. Kf7
Nxh3 60. Kg7 Ng5 61. Kh6 1/2-1/2

[Event "Wellington Open 2018"]
[Site "Wellington NZL"]
[Date "2018.03.31"]
[Round "3"]
[White "Rossiter, Philip E"]
[Black "Wells, Clinton A"]
[Result "0-1"]
[WhiteElo "1773"]
[BlackElo "1930"]

1. c4 e5 2. Nc3 b6 3. Nf3 Nc6 4. e3 Nf6 5. Be2 Bb7 6. d3 Be7 7. a3 a5 8. Qc2 d6
9. Bd2 Qd7 10. O-O O-O 11. Rac1 Nd8 12. Nd5 Ne6 13. e4 Bd8 14. b4 axb4 15. axb4
c6 16. Nxf6+ Bxf6 17. Be3 c5 18. b5 h6 19. g3 g5 20. Ne1 Bg7 21. Bg4 Qe7 22.
Nf3 Bc8 23. Ra1 Bd7 24. Bf5 Nc7 25. Bxd7 Qxd7 26. Kg2 f5 27. Qe2 f4 28. Bd2 g4
29. Rxa8 Nxa8 30. gxf4 gxf3+ 31. Qxf3 exf4 32. Kh1 Kh8 33. Rg1 Nc7 34. Qh5 Qf7
35. Qxf7 Rxf7 36. Rg6 Be5 37. Rxh6+ Rh7 38. Rxh7+ Kxh7 39. f3 Kg6 40. Kg2 Ne6
41. Be1 Kh5 42. Kh3 Bf6 43. Bf2 Ng5+ 44. Kg2 Nf7 0-1

[Event "Wellington Open 2018"]
[Site "Wellington NZL"]
[Date "2018.03.31"]
[Round "3"]
[White "Ha, Huy Minh (Timothy)"]
[Black "Aldridge, Alan L"]
[Result "0-1"]
[WhiteElo "1673"]
[BlackElo "1872"]

1. d4 Nf6 2. Nf3 e6 3. g3 Be7 4. Bg2 O-O 5. O-O d6 6. c4 Nbd7 7. Nc3 e5 8. e3
a5 9. Qc2 c6 10. Rd1 Qc7 11. e4 Rb8 12. Qe2 c5 13. Nb5 Qb6 14. d5 Ra8 15. Bh3
Ne8 16. Ng5 Qd8 17. Nf3 Nc7 18. a4 Nxb5 19. axb5 Nf6 20. Bxc8 Qxc8 21. Nh4 Qh3
22. Nf5 Rfe8 23. Nxe7+ Rxe7 24. Bd2 b6 25. b4 cxb4 26. Bxb4 Rd7 27. Bd2 Rc7 28.
f3 Qc8 29. Rdc1 Nd7 30. Be3 Nc5 31. Bxc5 Rxc5 32. Ra4 Ra7 33. Rc3 Rac7 34. Kf1
Rxb5 35. cxb5 Rxc3 36. Ra1 Rc2 0-1

[Event "Wellington Open 2018"]
[Site "Wellington NZL"]
[Date "2018.03.31"]
[Round "3"]
[White "Chen, Wei Kai"]
[Black "Johnson, Quentin J F"]
[Result "1-0"]
[WhiteElo "1690"]
[BlackElo "2028"]

1. e4 c5 2. Nc3 e6 3. f4 d5 4. Nf3 Nc6 5. Bb5 Ne7 6. d3 a6 7. Bxc6+ Nxc6 8. O-O
Be7 9. Qe1 O-O 10. Qg3 Nd4 11. Nxd4 cxd4 12. Ne2 dxe4 13. dxe4 f5 14. exf5 Rxf5
15. Rd1 Rd5 16. b3 Bf6 17. Bb2 e5 18. fxe5 Bxe5 19. Qf3 Qd6 20. Ba3 Bg4 21.
Qxg4 Bxh2+ 22. Kf1 Qf6+ 23. Ke1 Re8 24. Bb2 Bg1 25. Rd3 Rde5 26. Rf3 Rxe2+ 27.
Kf1 Qb6 28. Kxg1 R2e4 29. Qh5 g6 30. Qd5+ Qe6 31. Qxe6+ R8xe6 32. Rd1 Re1+ 33.
Rf1 Rxd1 34. Rxd1 Re2 35. Bxd4 Rxc2 36. a4 b5 37. axb5 axb5 38. b4 Rc7 39. Bc5
Kf7 40. Rd6 Rb7 41. Kf2 g5 42. Kf3 h5 43. Rh6 h4 44. Rh7+ 1-0

[Event "Wellington Open 2018"]
[Site "Wellington NZL"]
[Date "2018.03.31"]
[Round "3"]
[White "Nyberg, Michael"]
[Black "Sole, Michael D"]
[Result "1-0"]
[WhiteElo "1920"]
[BlackElo "1686"]

1. d4 f5 2. Nf3 Nf6 3. g3 g6 4. Bg2 Bg7 5. b3 O-O 6. Bb2 d6 7. Nbd2 e6 8. c4
Nbd7 9. Qc2 Qe7 10. O-O e5 11. e4 fxe4 12. dxe5 exf3 13. exf6 Bxf6 14. Nxf3
Bxb2 15. Qxb2 Qf6 16. Qd2 Nb6 17. Rae1 c6 18. Ng5 Bf5 19. a4 Nd7 20. f4 Nc5 21.
Re3 h6 22. Ne4 Bxe4 23. Bxe4 Rfe8 24. Rfe1 Kf7 25. Bc2 Rad8 26. Kg2 Na6 27. Qe2
Nc7 28. f5 g5 29. Qf2 b6 30. Bd1 Kf8 31. Bh5 Rxe3 32. Qxe3 d5 33. c5 d4 34. Qc1
d3 35. cxb6 d2 36. Qc5+ Kg8 37. Rd1 axb6 38. Qc4+ Kg7 39. Qe2 Qd6 40. Kh3 Kf6
41. Qc4 Qd5 42. Qc3+ Qe5 43. Qxc6+ Qd6 44. Qc4 Nd5 45. Qd4+ Qe5 46. Qxe5+ Kxe5
47. Rxd2 Kxf5 48. Rf2+ Ke5 49. Rc2 Nf6 50. Be2 Rd6 51. Bc4 Ne4 52. Kg2 Rd2+ 53.
Rxd2 Nxd2 54. Bg8 Kd4 55. b4 h5 56. Bf7 Ne4 57. a5 bxa5 58. bxa5 Kc5 59. Bxh5
Kb5 60. Kf3 Nf6 61. Bg6 Kxa5 62. h4 gxh4 63. gxh4 Kb6 64. Kf4 Kc6 65. Kg5 Ng8
66. Bf7 Ne7 67. h5 Kd7 68. Kf6 Nf5 69. Kxf5 Ke7 70. Kg6 Kf8 71. h6 1-0

[Event "Wellington Open 2018"]
[Site "Wellington NZL"]
[Date "2018.03.31"]
[Round "3"]
[White "Wevers, Alexis"]
[Black "Goodhue, Nathan"]
[Result "0-1"]
[WhiteElo "1661"]
[BlackElo "1915"]

1. d4 e6 2. Bf4 f5 3. Nf3 Nf6 4. g3 b6 5. Bg2 Bb7 6. O-O d5 7. c4 c6 8. Nc3 Be7
9. a3 O-O 10. b4 Ne4 11. Nxe4 fxe4 12. Ne5 Bf6 13. Bh3 Qe7 14. c5 bxc5 15. bxc5
g5 16. Nxc6 Nxc6 17. Bd6 Qf7 18. Bxf8 Rxf8 19. e3 e5 20. dxe5 Nxe5 21. Rb1 Ba6
22. f4 Bxf1 23. fxe5 Bxh3 24. exf6 Be6 25. c6 Qxf6 26. Rb7 Qf2+ 27. Kh1 Qxe3
28. c7 Qf3+ 29. Qxf3 exf3 30. Rb8 Bc8 31. Rb1 d4 32. Kg1 f2+ 0-1

[Event "Wellington Open 2018"]
[Site "Wellington NZL"]
[Date "2018.03.31"]
[Round "3"]
[White "Forster, William"]
[Black "Winter, Ryan"]
[Result "0-1"]
[WhiteElo "1867"]
[BlackElo "1668"]

1. d4 d5 2. c4 c6 3. Nf3 Nf6 4. Nc3 e6 5. Bg5 h6 6. Bh4 dxc4 7. e4 g5 8. Bg3 b5
9. e5 Nd5 10. h4 Qa5 11. Be2 Nxc3 12. bxc3 Qxc3+ 13. Kf1 Rg8 14. hxg5 hxg5 15.
Rc1 Qa5 16. Qc2 Bb7 17. Rh5 Na6 18. Nxg5 Rg7 19. Ne4 O-O-O 20. Nd6+ Bxd6 21.
exd6 Rxg3 22. fxg3 Qa3 23. Bf3 Nb4 24. Qd2 Qd3+ 25. Ke1 Qxd2+ 26. Kxd2 Rxd6 27.
Ke3 Nxa2 28. Ra1 Nb4 29. Rxa7 Nc2+ 30. Kd2 Nxd4 31. Kc3 Kc7 32. Ra1 Nxf3 33.
gxf3 Rd3+ 34. Kb4 Kb6 35. Ra3 c5+ 36. Rxc5 Rxa3 37. Rxb5+ Kc6 38. Rxb7 Rb3+ 0-1

[Event "Wellington Open 2018"]
[Site "Wellington NZL"]
[Date "2018.03.31"]
[Round "3"]
[White "Day, Fabian"]
[Black "Lee, Edward"]
[Result "1/2-1/2"]
[WhiteElo "1556"]
[BlackElo "1838"]

1. e4 c6 2. d4 d5 3. Nc3 dxe4 4. Nxe4 Nf6 5. Nxf6+ gxf6 6. Be2 Bf5 7. Bf3 Qc7
8. Ne2 Nd7 9. O-O e6 10. Bf4 e5 11. Bg3 Bd6 12. Re1 O-O-O 13. c4 h5 14. c5 Bxc5
(14... Be7 15. b4 h4 16. d5 cxd5 17. Nd4) 15. h4 (15. Qa4 Nb6 16. Qxa7 Bxd4 (
16... Bd6) 17. Nxd4 Rxd4 18. a4 h4 19. a5 hxg3 20. axb6) 15... Bd6 16. Rc1 Bb4
17. Nc3 Nc5 18. Nd5 Rxd5 19. Bxd5 cxd5 20. Rxe5 fxe5 21. Bxe5 Qd8 22. Bxh8 Qxh8
23. a3 Kb8 24. dxc5 Ba5 25. b4 Bc7 26. Qxd5 1/2-1/2

[Event "Wellington Open 2018"]
[Site "Wellington NZL"]
[Date "2018.03.31"]
[Round "3"]
[White "Xie, Felix"]
[Black "Brockway, Andrew"]
[Result "0-1"]
[WhiteElo "1252"]
[BlackElo "1736"]

1. e4 c5 2. Nc3 g6 3. f4 Bg7 4. Nf3 e6 5. Bc4 Nc6 6. e5 Nge7 7. Ne4 Nf5 8. g4
d5 9. exd6 Nxd6 10. Nxd6+ Qxd6 11. d3 a6 12. c3 b5 13. Bb3 Bb7 14. Be3 Rd8 15.
Bc2 Ne7 16. Rf1 O-O 17. h4 Nd5 18. Qd2 Nxe3 19. Qxe3 b4 20. Qd2 a5 21. h5 Ba6
22. Rd1 Qd5 23. c4 Qb7 24. Rb1 Bxc4 25. h6 Bh8 26. Qe3 Bxa2 27. Ra1 Bd5 28.
Rxa5 b3 29. Bb1 Bxf3 30. Rxf3 Bd4 31. Qe2 Qb4+ 32. Qd2 Qxd2+ 33. Kxd2 Ra8 34.
Rb5 Rfb8 35. Rxb8+ Rxb8 36. Kc1 f5 37. g5 Kf7 38. Rf1 Re8 39. Re1 e5 40. fxe5
Rxe5 41. Rf1 Be3+ {0-1} 0-1

[Event "Wellington Open 2018"]
[Site "Wellington NZL"]
[Date "2018.03.31"]
[Round "3"]
[White "Jackson, L Ross"]
[Black "Stracy, Don M"]
[Result "1-0"]
[WhiteElo "1893"]
[BlackElo "1575"]

1. d4 Nf6 2. c4 e6 3. Nc3 Bb4 4. Nf3 b6 5. g3 Bb7 6. Bg2 O-O 7. O-O c5 8. a3
Bxc3 9. bxc3 Na6 10. Bg5 Rb8 11. Qa4 Qc8 12. Bxf6 gxf6 13. d5 exd5 14. cxd5
Bxd5 15. Qg4+ Kh8 16. Qf5 Qc6 17. Ng5 fxg5 18. Bxd5 Qg6 19. Qxd7 Rbd8 20. Qxa7
Rxd5 21. Qxa6 Rfd8 22. Rab1 R5d6 23. Qb7 Kg7 24. Qc7 R8d7 25. Qc8 Rd8 26. Qg4
h5 27. Qc4 R8d7 28. f4 g4 29. f5 Qg5 30. Rf4 Qd8 31. Rbf1 f6 32. Re4 Rd1 33.
Qe6 Rxf1+ 34. Kxf1 Rd1+ 35. Kf2 Rd6 36. Qe7+ Qxe7 37. Rxe7+ Kh6 38. Re6 Rxe6
39. fxe6 Kg7 40. Ke3 Kf8 41. Kf4 Ke7 42. Kf5 b5 43. e3 c4 44. e4 b4 45. axb4
1-0

[Event "Wellington Open 2018"]
[Site "Wellington NZL"]
[Date "2018.03.31"]
[Round "3"]
[White "Lyall, Simon"]
[Black "Weng, Xintong (Winston)"]
[Result "0-1"]
[WhiteElo "1734"]
[BlackElo "1489"]

1. e4 c5 2. c3 e6 3. d4 d5 4. e5 Nc6 5. Nf3 Qb6 6. a3 a5 7. Bd3 Be7 8. O-O f5
9. Bc2 Bd7 10. b3 h6 11. h4 Qd8 12. h5 b6 13. g4 Bg5 14. gxf5 exf5 15. dxc5
Bxc1 16. Qxc1 bxc5 17. Qf4 Nge7 18. Nbd2 Rg8 19. Rfe1 Be6 20. b4 g5 21. Qh2 f4
22. bxc5 Nf5 23. Ba4 Qd7 24. Rad1 Nh4 25. Nd4 Rc8 26. Nxc6 Rxc6 27. Kf1 Bh3+
28. Ke2 Qg4+ 29. f3 Qe6 30. Bxc6+ Ke7 31. Kf2 g4 32. Qxf4 Rf8 33. Qh2 Qxc6
{White lost on time} 0-1

[Event "Wellington Open 2018"]
[Site "Wellington NZL"]
[Date "2018.03.31"]
[Round "3"]
[White "Xu, Hannah"]
[Black "Weiskopf, Philip"]
[Result "0-1"]
[WhiteElo "1120"]
[BlackElo "1710"]

1. e4 d6 2. d4 g6 3. Nf3 Bg7 4. c4 Nf6 5. Nc3 O-O 6. Bd3 c5 7. d5 e6 8. O-O Re8
9. b3 Nbd7 10. Bb2 exd5 11. exd5 Ng4 12. h3 Nge5 13. Be4 Nxf3+ 14. Qxf3 Qg5 15.
Rac1 Ne5 16. Qg3 Qd8 17. Kh1 a6 18. Rfe1 Rb8 19. a4 Qb6 20. Bc2 Bd7 21. Rb1 f5
22. Ba3 Nf7 23. Bb2 Rxe1+ 24. Rxe1 Ne5 25. Qe3 Nxc4 26. bxc4 Qxb2 27. Ne2 Qxc2
28. Qf4 Be5 29. Qg5 Re8 30. Kg1 Qxc4 31. Qd2 Bxa4 32. Rc1 Qb4 33. Qxb4 cxb4 34.
Rb1 b3 35. Kf1 b2 36. f4 Bg7 37. Kf2 Bc2 38. Re1 b1=Q 39. Rxb1 Bxb1 40. Kf3
Rxe2 41. Kxe2 Be4 42. Kd2 Bxg2 43. h4 Bxd5 44. Kd3 b5 45. Kc2 b4 46. Kb1 Bf6
0-1